|
|
|
|
| LEADER |
00000nam a2200000 a 4500 |
| 001 |
vtls009352147 |
| 003 |
SK-MaSNL |
| 005 |
20260301171010.0 |
| 007 |
co cga mnuua |
| 008 |
251029s2008 xo o fsp 000 0 slo |
| 015 |
|
|
|a SNBS2011/02-00932
|
| 020 |
|
|
|a 9788081050206
|q (elektronická kniha)
|
| 040 |
|
|
|a SNK
|b slo
|c SNK
|e AACR2
|
| 041 |
0 |
|
|a slo
|
| 044 |
|
|
|a xo
|c SK
|
| 072 |
|
7 |
|a 316.4/.7
|x Sociálne interakcie
|2 konspekt
|
| 080 |
|
|
|a 316.774
|2 2001
|
| 080 |
|
|
|a 373.5/.6+377.1/.3
|2 2001
|
| 080 |
|
|
|a (083.94)
|2 2001
|
| 080 |
|
|
|a (0.034.44)
|2 2001
|
| 100 |
1 |
|
|a Vojtek, Juraj,
|d 1936-2016
|4 aut
|9 195147
|
| 245 |
1 |
0 |
|a Druhy masmédií - charakteristika a funkcie
|h elektronický zdroj
|c Juraj Vojtek
|
| 260 |
|
|
|a Trnava
|b Univerzita sv. Cyrila a Metoda
|c [2008]
|
| 300 |
|
|
|a 1 elektronický optický disk (CD-ROM)
|c 12 cm
|
| 490 |
1 |
|
|a Návrh koncepcie výchovy k mediálnej gramotnosti na stredných školách v púodmienkach Slovenskej republiky
|v 3
|
| 500 |
|
|
|a Názov z titulnej obrazovky
|
| 516 |
|
|
|a Prezentácia
|
| 516 |
|
|
|a Textový dokument (učebnica), súbory vo formátoch jpg, wma
|
| 538 |
|
|
|a Technické požiadavky: Windows 95, Windows Media Player, prehliadač obrázkov a faxov
|
| 650 |
0 |
7 |
|a médiá
|2 SNKPH
|9 1424
|
| 650 |
0 |
7 |
|a masmédiá
|2 SNKPH
|9 1418
|
| 650 |
0 |
7 |
|a stredné školy
|2 SNKPH
|9 1279
|
| 655 |
|
7 |
|a elektronické zdroje
|2 SNKPH
|9 90954
|
| 655 |
|
7 |
|a CD-ROM
|2 SNKPH
|9 70236
|
| 655 |
|
7 |
|a projekty
|2 SNKPH
|9 70560
|
| 655 |
|
7 |
|a učebnice vysokých škôl
|2 SNKPH
|9 70191
|
| 830 |
|
0 |
|a Návrh koncepcie výchovy k mediálnej gramotnosti na stredných školách v podmienkach Slovenskej republiky
|9 318110
|
| 919 |
|
|
|a 978-80-8105-020-6
|
| 999 |
|
|
|c 829413
|d 831343
|
| 952 |
|
|
|a SNK
|b SNK
|y PREZ
|7 0
|p 17A0602850
|o snkSCDM 1965
|i snk2008/20658
|8 0
|0 0
|1 0
|4 0
|d 2008-10-23
|l 0
|r 2026-02-24 03:33:37
|w 2026-02-24
|